Vista normal Vista MARC

Programa del Curso de derecho criminal : (Registro nro. 17234)

Detalles MARC
000 -Cabecera (24)
Campo de control interno 01210nam a22002654a 4500
001 - Número de control
Campo de control UTEA
005 - Fecha y hora de la
Campo de control 20250910123712.0
006 - Campos de control - información adicional
Campos de control g||||gr||||||01 nz
007 - Tipo material - Descripcion fisica - info general
Tipo material ta
008 - Códigos de longitud fija (40p)
Campo de control de longitud fija 250908b pe ||||| |||| 00| 0 spa d
020 ## - INTERNATIONAL STANDARD BOOK NUMBER
ISBN 1017881905X
040 ## - Origen de la Catalogacion
Centro catalogador/agencia de origen UTEA
041 ## - Código de idioma (R)
Código de lengua del texto/banda sonora o título independiente (R) spa
082 ## - Número de la Clasificación
Número de la Clasificación 364
Notación Interna C26 2023
100 ## - Autor Personal
Autor Personal Carrera, Francisco
Término indicativo de función (R) Autor
245 ## - Titulo
Titulo Programa del Curso de derecho criminal :
Subtitulo desarrollado en la universidad de pisa /
Mención del autor Francisco Carrera
Medio físico [Texto Impreso]
250 ## - Mencion de edicion
Mencion de edicion Edición;
Resto de la mencion de edicion T-II
260 ## - Editorial
Ciudad San José - Costa Rica
Nombre de la Editorial Legare Street Press
Fecha 2022
300 ## - Descripcion
Páginas 188 páginas
Dimensiones 24 x 14 cm
505 ## - Nota de contenido formateada
Nota de contenido formateada Índice del Libro] De la pena -- idea de la pena -- Origen de la pena -- Del fin de la pena -- de las fuerzas de la pena -- De las condiciones que debe tener la pena -- Idea general de la calidad en las penas -- Del criterio de de la calidad en as penas -- de los criterios de la cantidad de las penas -- Razones políticas ó extrínsecas para modificar la pena -- Razones políticas ó intrínsecas para modificar la pena.
650 ## - Temas - Descriptores
Temas - Descriptores PENA
9 (RLIN) 59229
650 ## - Temas - Descriptores
Temas - Descriptores EXTRÍNSECAS
9 (RLIN) 59230
650 ## - Temas - Descriptores
Temas - Descriptores INTRINSECAS
9 (RLIN) 59231
942 ## - Datos personalizados Koha
Esquema de Clasificacion Dewey Decimal Classification
Tipo de Documento Libros
Fecha procesamiento 2025-09-08
Catalogador Mag. Cecilio Flores Noa
Existencias
Estado de retiro Estado de pérdida Fuente de Clasificacion Estado No para préstamo Escuela Profesional/ Mención de Maestría Localización permanente Ubicación/localización actual Fecha de adquisición Fuente de adquisición Signatura topográfica completa Código de barras Precio válido a partir de Tipo de ítem Koha Ubicación en estantería
    Dewey Decimal Classification     E.P. Derecho Biblio. Andahuaylas UTEA Biblio. Andahuaylas UTEA 09/08/2025 Compra 364 C26 2023 BAND25090082 09/08/2025 Libros  
    Dewey Decimal Classification     E.P. Derecho Biblioteca Abancay UTEA Biblioteca Abancay UTEA 09/10/2025 Compra 364 C26 2023 BABA25090140 09/10/2025 Libros Área de Letras y Humanidades (primer Piso)
    Dewey Decimal Classification     E.P. Derecho Biblioteca Cusco UTEA Biblioteca Cusco UTEA 09/10/2025 Compra 364 C26 2023 BCUS25090160 09/10/2025 Libros Biblioteca Grau